000 00615nam a2200241Ia 4500
003 OSt
005 20220912152558.0
006 a|||||r|||| 00| 0
007 ta
008 220909b |||||||| |||| 00| 0 eng d
024 _a40498
037 _cTextual
040 _aCSL
_beng
_cCSL
041 _aeng
082 _aD65:4:(C3:71):28, J8-;1
100 _aBendat J S
245 0 _aPrinciples and applications of random noise theory
260 _c1958
300 _ap.
_ccm.
650 _aElectronics
942 _hD65:4:(C3:71):28, J8-;1
_cTEXL
_2CC
999 _c89020
_d89020